Dynamic combinatorial chemistry /

Bibliographic Details
Other Authors: Reek, Joost N. H., Otto, Sijbren
Format: Book
Language:English
Published: Weinheim : Wiley-VCH, [2010]
Subjects:

MARC

Tag First Indicator Second Indicator Subfields
LEADER 00000cam a2200000 a 4500
001 in00002573821
005 20151201151931.0
008 091126s2010 gw a b 001 0 eng
020 |a 9783527321223 (cased) 
020 |a 3527321225 (cased) 
035 |a (OCoLC)ocn473476848 
040 |a UKM  |c UKM  |d YDX  |d C#P  |d BWX  |d CDX  |d VPI  |d AGL  |d TXA  |d UtOrBLW 
049 |a TXAM 
070 0 |a QD262  |b .D95 2010 
082 0 |a 547.2  |2 22 
090 |a QD262  |b .D95 2010 
245 0 0 |a Dynamic combinatorial chemistry /  |c edited by Joost N.H. Reek and Sijbren Otto. 
264 1 |a Weinheim :  |b Wiley-VCH,  |c [2010] 
264 4 |c ©2010 
300 |a x, 201 pages :  |b illustrations (some color) ;  |c 25 cm. 
336 |a text  |b txt  |2 rdacontent 
337 |a unmediated  |b n  |2 rdamedia 
338 |a volume  |b nc  |2 rdacarrier 
504 |a Includes bibliographical references and index. 
505 0 |a History and principles of dynamic combinatorial chemistry / Sophie R. Beeren and Jeremy K.M. Sanders -- The practice of dynamic combinatorial libraries : analytical chemistry, experimental design, and data analysis / Sijbren Otto -- Development of synthetic receptors using dynamic combinatorial chemistry / Andrea M. Escalante and Ricardo L.E. Furlan -- Dynamic combinatorial chemistry for catalytic applications / Pierre-Alain R. Breuil and Joost N.H. Reek -- Dynamic combinatorial chemistry : ligands for biomolecules / Olof Ramström, Luis Amorim, Rémi Caraballo, and Oscar Norberg -- Polymers formed by dynamic combinatorial chemistry / Jean-Luc Wietor, Nicole E. Botterhuis, and Rint P. Sijbesma -- Analytical applications of dynamic combinatorial chemistry / Kay Severin -- Trends and perspectives / Sijbren Otto and Joost N.H. Reek. 
650 0 |a Combinatorial chemistry. 
650 0 7 |a Dynamische kombinatorische Chemie.  |2 swd 
700 1 |a Reek, Joost N. H. 
700 1 |a Otto, Sijbren. 
945 |a PromptCat 
948 |a cataloged  |b h  |c 2010/6/21  |d c  |e dmitchel  |f 10:50:40 am 
994 |a C0  |b TXA 
999 |a MARS 
999 f f |s e8d3f4ec-2dab-316a-9342-4849db1c6590  |i 9bf91b4f-a243-3850-b08a-3fa82d67236b  |t 0 
952 f f |p ric  |a Texas A&M University  |b Rellis Campus  |c Joint Library Facility  |d Remote Storage  |t 0  |e QD262 .D95 2010  |h Library of Congress classification  |i unmediated -- volume  |m A14840235537 
998 f f |a QD262 .D95 2010  |t 0  |l Remote Storage